[Event "WA Class Championship - D Section"]
[Site "Seattle"]
[Date "2007.11.24"]
[Round "4"]
[White "Hua, Daniel"]
[Black "MacGregor, Logan"]
[Result "0-1"]
[WhiteElo "907"]
[BlackElo "1144"]
[PlyCount "114"]
[EventDate "2007.11.??"]
[Source "Drayton Harriso"]
[SourceDate "2007.12.23"]

1. e4 e6 2. d4 d5 3. e5 c5 4. c3 Nc6 5. Nf3 Qb6 6. Na3 cxd4 7. cxd4 Nge7 8. Nc2
Nf5 9. a3 a5 10. Be2 Be7 11. O-O Bd7 12. Rb1 Rc8 13. Be3 O-O 14. Qd2 Na7 $1 15.
Rfc1 Bb5 $1 16. Nce1 Bxe2 17. Qxe2 Rxc1 18. Rxc1 Nxe3 19. fxe3 Rc8 20. Nd3
Rxc1+ 21. Nxc1 Qb5 22. Qd2 Nc8 23. Nd3 Nb6 24. Nfe1 Nc4 25. Qc1 Bg5 26. Nc2 Qb3
27. Nf4 Qxb2 28. Qxb2 Nxb2 29. Kf2 b5 30. Ke2 Be7 31. Nd3 Nc4 32. Nc5 Kf8 33.
Kd3 Nxe5+ 34. dxe5 Bxc5 35. Kc3 Ke7 36. Kb3 f6 37. exf6+ Kxf6 38. Kc3 Bxa3 39.
Nxa3 b4+ 40. Kb3 bxa3 41. Kxa3 Ke5 42. Kb3 a4+ 43. Kxa4 Ke4 44. Kb3 Kxe3 45.
Kc3 d4+ 46. Kc2 Ke2 47. Kc1 d3 48. Kb1 d2 49. Kc2 d1=Q+ 50. Kc3 Qd3+ 51. Kb4
Qc2 52. g4 Kd3 53. h4 Kd4 54. Kb5 Qc5+ 55. Ka4 Qb6 56. Ka3 Kc4 57. Ka2 Kc3 0-1

[Event "WA Class Championship - D Section"]
[Site "Seattle"]
[Date "2007.11.24"]
[Round "4"]
[White "Birnbach, Zamir"]
[Black "Van Weerdhuizen, Dave"]
[Result "1-0"]
[WhiteElo "1064"]
[BlackElo "1185"]
[PlyCount "75"]
[EventDate "2007.11.??"]
[Source "Drayton Harriso"]
[SourceDate "2007.12.23"]

1. e4 e5 2. Nf3 Nc6 3. Bc4 Nf6 4. d4 Nxe4 5. O-O d6 6. d5 Ne7 7. Re1 Nf6 8.
Nbd2 Nexd5 9. Nb3 Ne7 10. Nxe5 dxe5 11. Bxf7+ Kxf7 12. Qxd8 Nfd5 13. Rxe5 h6
14. Rxd5 Nxd5 15. Qxd5+ Kg6 16. h4 Bd6 17. h5+ Kf6 18. Nd4 Re8 19. Bd2 Re5 20.
Qf3+ Bf5 21. Nxf5 Rxf5 22. Bc3+ Kg5 23. Bd2+ Kf6 24. Qh3 Re8 25. Qh4+ Kf7 26.
Qg4 Rfe5 27. Bc3 Rg5 28. Qf3+ Kg8 29. Re1 Rxe1+ 30. Bxe1 c6 31. Qd3 Rd5 32. Qg6
Kh8 33. Kf1 Bf4 34. Bc3 Be5 35. Qe8+ Kh7 36. Bxe5 Rd1+ 37. Ke2 Rc1 38. Qg6+ 1-0

[Event "WA Class Championship - D Section"]
[Site "Seattle"]
[Date "2007.11.24"]
[Round "4"]
[White "Omori, Jeff"]
[Black "Cohen, Eryn"]
[Result "1/2-1/2"]
[WhiteElo "1310"]
[BlackElo "1145"]
[Annotator "Harrison"]
[PlyCount "101"]
[EventDate "2007.11.??"]
[Source "Drayton Harriso"]
[SourceDate "2007.12.23"]

1. e4 e5 2. Nf3 Nc6 3. d4 exd4 4. Bc4 Bc5 5. c3 dxc3 6. Nxc3 Nf6 7. O-O d6 8.
Bg5 Bg4 9. h3 Bh5 10. g4 Bg6 11. Re1 Qd7 12. Bxf6 gxf6 13. Nd5 Qd8 (13... O-O-O
$5 $11) 14. Qb3 Rb8 15. Qc3 Ne5 16. Bb3 $4 {Diagram #} h5 (16... c6 $1 17. Nf4
(17. Ba4 b5 18. b4 Bxf2+ 19. Kxf2 cxd5 $19) 17... Bb4 $3 18. Qxb4 Nxf3+ $19)
17. gxh5 Bxh5 18. Bd1 c6 {Black has many ways to win for the next 18 moves.} (
18... Bxf3 $1 19. Bxf3 Rxh3 $19 {wins the bishop on f3.}) 19. Nf4 Qb6 20. Rf1
Rg8+ 21. Ng2 Rg3 22. Kh2 Bxf2 23. Qc2 Bxf3 24. Rxf2 Bxd1 25. Rxd1 Rf3 26. Rdf1
Rxf2 27. Rxf2 Ke7 28. Nh4 Rh8 29. Nf5+ Kd7 30. Rg2 Nf3+ 31. Kg3 Ne1 32. Qf2
Rg8+ 33. Kf4 Rxg2 34. Qxe1 Qf2+ 35. Qxf2 Rxf2+ 36. Kg3 Rxb2 37. h4 {Diagram #}
Rxa2 $4 {Black doesn't need to grab the a2-pawn. More important is to find a
way to get the rook on the h-file or the 8th rank to stop the h-pawn.} (37...
Re2 $1 38. h5 Rxe4 39. Ng7 Re1 40. Kg2 Re5 41. h6 (41. Kf3 Ra5 {
Now black has time to grab the a-pawn} ({or even} 41... Rxh5 $5 {also wins}))
41... Rg5+ 42. Kh3 Rg1 43. Kh2 Rg6 44. Nf5 Rg8 $1 $19 (44... Ke6 $4 45. h7 $11)
) ({Or another plan is} 37... c5 $1 38. h5 c4 39. h6 c3 40. h7 (40. Nd4 c2 41.
Ne2 Rb1 42. h7 Rh1) 40... c2 41. h8=Q c1=Q $19) 38. h5 Re2 39. h6 Rxe4 40. Ng7
{Now it's too late to stop the h-pawn. Black has no access to the h-file or
the 8th rank.} Re3+ (40... Re5 41. h7 Rg5+ 42. Kf3 Rxg7 43. h8=Q {
is unclear. Black's rook is not well placed.}) 41. Kg2 Re2+ 42. Kg3 Re1 43. Kg2
Re2+ 44. Kg3 Re3+ 45. Kg2 Re4 46. Kg3 f5 $1 47. h7 f4+ $6 (47... Rg4+ $1 48.
Kh3 Rg1 49. Kh2 Rxg7 50. h8=Q Rg6 $15 {Rook and 6 pawns versus a queen!?}) 48.
Kh3 $4 (48. Kf2 $1 $18) 48... Re1 49. Kh2 $4 (49. Nh5 $3 Rh1+ 50. Kg4 f5+ 51.
Kg5 f3 52. h8=Q $18 Rg1+ ({if} 52... f2 53. Nf6+ Kc7 54. Qxh1) 53. Kf6 $18 f2
54. Qh7+ Kc8 55. Qxf5+ Kc7 56. Qxf2) 49... Re2+ $2 (49... f3 $3 50. h8=Q f2 51.
Qh3+ Kc7 52. Ne8+ Rxe8 53. Qf5 Re7 $17) 50. Kg1 Re1+ 51. Kh2 {Here the players
agreed to a draw, although once again black could have played 51...f3!!} (51.
Kg2 $4 f3+ $1 52. Kxf3 Rh1 $19) 1/2-1/2

[Event "WA Class Championship - D Section"]
[Site "Seattle"]
[Date "2007.11.25"]
[Round "5"]
[White "Wentz, Dale"]
[Black "Marcjan, Cezary"]
[Result "0-1"]
[WhiteElo "1500"]
[BlackElo "1299"]
[Annotator "Marcjan"]
[PlyCount "76"]
[EventDate "2007.11.??"]
[Source "Drayton Harriso"]
[SourceDate "2007.12.23"]

1. e4 e6 2. d4 d5 3. Nc3 Nc6 4. e5 Bb4 5. Nf3 h6 6. Bd3 Nge7 7. O-O Ba5 8. Ne2
Nb4 9. c3 Nxd3 10. Qxd3 Nf5 11. Ng3 g6 12. Qb5+ c6 13. Qa4 Bd7 14. Qb3 Bb6 15.
Be3 Qe7 16. Qc2 O-O-O 17. b4 f6 18. a4 a6 19. Rab1 Nxe3 20. fxe3 f5 21. c4 Kb8
22. b5 cxb5 23. c5 Rc8 24. axb5 Bxb5 25. Rf2 Ba7 26. Qa2 Ka8 27. Rfb2 Rc6 28.
Ne2 Rb8 29. Nc3 Bd3 30. Ra1 Bc4 31. Qa5 Qd8 32. Qxd8 Rxd8 33. Nd2 Bd3 34. Na4
Bb5 35. Nc3 Bd3 36. Nb3 $2 b6 37. Na4 Rb8 38. Nxb6+ $4 Bxb6 {Then white
the a1-rook, intending to take the a6-pawn, and resigned when he saw the
a6-pawn was protected.} 0-1

[Event "WA Class Championship - D Section"]
[Site "Seattle"]
[Date "2007.11.25"]
[Round "5"]
[White "Mendoza, Fidel"]
[Black "Song, Matthew"]
[Result "1-0"]
[WhiteElo "1178"]
[BlackElo "1202"]
[PlyCount "75"]
[EventDate "2007.11.??"]
[Source "Drayton Harriso"]
[SourceDate "2007.12.23"]

1. e4 e5 2. f4 exf4 3. Nf3 Nc6 4. d4 d5 5. exd5 Qxd5 6. Nc3 Bb4 7. Bxf4 Qa5 $2
8. Bd2 Bg4 9. Bb5 Bd7 10. Qe2+ Nge7 11. d5 Nd8 12. Bxd7+ Kxd7 13. Ne5+ Kc8 14.
O-O Bxc3 15. Bxc3 Qxd5 16. Rxf7 Nxf7 17. Qg4+ Kd8 18. Rd1 Nxe5 19. Rxd5+ Nxd5
20. Bxe5 Rg8 21. Qe6 Ne7 22. Bc3 a5 23. b4 Ra6 24. Qc4 Rc6 25. Qb3 a4 26. Qb2
g6 27. Bf6 Re6 28. h4 Rf8 29. Qd4+ Rd6 30. Bxe7+ Kxe7 31. Qe4+ Kd7 32. Qxb7 Rb6
33. Qd5+ Ke7 34. Qc5+ Rd6 35. Qxc7+ Rd7 36. Qe5+ Kf7 37. c4 Rd2 38. Qf4+ 1-0

[Event "WA Class Championship - D Section"]
[Site "Seattle"]
[Date "2007.11.25"]
[Round "5"]
[White "McGuire, Dennis"]
[Black "Raval, Sid"]
[Result "1-0"]
[WhiteElo "1199"]
[BlackElo "1140"]
[PlyCount "37"]
[EventDate "2007.11.??"]
[Source "Drayton Harriso"]
[SourceDate "2007.12.23"]

1. d4 Nf6 2. Nc3 e6 3. e4 Bb4 4. Bg5 h6 5. Bxf6 gxf6 6. Bc4 b6 7. Qh5 d6 8.
Nge2 Ba6 9. Bxe6 Qe7 10. Bf5 d5 11. O-O-O dxe4 12. Nd5 Qd6 13. Nxb4 Qxb4 14.
Bxe4 c6 15. Rhe1 Bb7 16. Nc3 Kf8 17. d5 a5 18. dxc6 Nxc6 19. Rd7 1-0

[Event "WA Class Championship - D Section"]
[Site "Seattle"]
[Date "2007.11.25"]
[Round "5"]
[White "MacGregor, Logan"]
[Black "Stringenz, Adam"]
[Result "1-0"]
[WhiteElo "1144"]
[BlackElo "931"]
[PlyCount "169"]
[EventDate "2007.11.??"]
[Source "Drayton Harriso"]
[SourceDate "2007.12.23"]

1. e4 e5 2. Nf3 Nc6 3. Bc4 Be7 4. Nc3 Nf6 5. a3 O-O 6. d4 d6 7. d5 Nb8 8. h3
Nbd7 9. Be3 b6 10. Qd2 Bb7 11. g4 h6 12. Nh4 g5 13. Nf5 Ne8 14. Nxh6+ Kg7 15.
Nf5+ Kg8 16. Nxe7+ Qxe7 17. Bxg5 Ndf6 18. Bh4 Rd8 19. Qg5+ Kh7 20. Qf5+ Kg7 21.
Ne2 Rh8 22. Bxf6+ Nxf6 23. Ng3 Bc8 24. Qg5+ Kh7 25. Nf5 Bxf5 26. gxf5 Rdg8 27.
Qh4+ Kg7 28. Rg1+ Kf8 29. Rxg8+ Rxg8 30. O-O-O Rg2 31. Bb5 a5 32. Kb1 Ng8 33.
Qxe7+ Kxe7 34. Rh1 Rxf2 35. h4 Nh6 36. c3 Rf4 37. Bd3 Ng4 38. Kc2 Kf8 39. h5
Kg7 40. Rg1 Kh6 41. Kb3 Kxh5 42. Rh1+ Kg5 43. Rh8 Nf2 44. Bc2 Nxe4 45. Rc8 Nd2+
46. Ka2 Rf1 47. Rxc7 b5 48. Rxf7 a4 49. Rg7+ Kf6 50. Rg6+ Kf7 51. Rxd6 e4 52.
Re6 Nb3 53. Bxb3 axb3+ 54. Kxb3 Rxf5 55. Rxe4 Rxd5 56. c4 Rd3+ 57. Kb4 bxc4 58.
Kxc4 Rd2 59. b4 Ra2 60. Kb3 Ra1 61. b5 Rb1+ 62. Ka4 Rb2 63. Ka5 Rb3 64. a4 Ra3
65. b6 Rb3 66. Ka6 Rxb6+ 67. Kxb6 Kf6 68. Kc5 Kf5 69. Re1 Kf4 70. Kd5 Kf5 71.
Rf1+ Kg4 72. Ke5 Kg3 73. Ke4 Kg2 74. Rf8 Kg3 75. a5 Kg2 76. Ke3 Kh3 77. Rg8 Kh4
78. Kf3 Kh5 79. Kf4 Kh6 80. Kf5 Kh7 81. Rg1 Kh8 82. Kf6 Kh7 83. a6 Kh8 84. Kf7
Kh7 85. Rh1# 1-0

[Event "WA Class Championship - D Section"]
[Site "Seattle"]
[Date "2007.11.25"]
[Round "5"]
[White "Cohn, Michael"]
[Black "Goodfellow, Robert"]
[Result "1/2-1/2"]
[WhiteElo "1164"]
[BlackElo "1312"]
[PlyCount "42"]
[EventDate "2007.11.??"]
[Source "Drayton Harriso"]
[SourceDate "2007.12.23"]

1. d4 Nf6 2. c4 c5 3. Nf3 cxd4 4. Nxd4 d6 5. Nc3 g6 6. e3 Bg7 7. Be2 O-O 8. O-O
Bd7 9. Qb3 Bc8 10. Bf3 Qd7 11. Na4 Nc6 12. Rd1 Na5 13. Qb4 Qc7 14. b3 Bg4 15.
Nb5 Qd8 16. c5 Nc6 17. Qf4 Bxf3 18. Qxf3 Qa5 19. Qe2 a6 20. Bd2 Qxb5 21. Qxb5
axb5 {remaining moves unclear. Drawn about move 58.} 1/2-1/2

[Event "WA Class Championship - D Section"]
[Site "Seattle"]
[Date "2007.11.25"]
[Round "5"]
[White "Oratz, Joshua"]
[Black "Birnbach, Zamir"]
[Result "0-1"]
[WhiteElo "653"]
[BlackElo "1064"]
[PlyCount "166"]
[EventDate "2007.11.??"]
[Source "Drayton Harriso"]
[SourceDate "2007.12.23"]

1. e4 c5 2. Nf3 Nc6 3. d4 cxd4 4. Nxd4 g6 5. Nc3 Bg7 6. Be3 Nf6 7. Qd2 Qa5 8.
Ncb5 Qxd2+ 9. Bxd2 Nxd4 10. Nxd4 Nxe4 11. Bc3 a6 12. Bd3 d5 13. f3 Nd6 14. f4
O-O 15. h3 f5 16. O-O-O Bd7 17. Rhe1 Rae8 18. Ne6 Bxe6 19. Bxg7 Kxg7 20. Rxe6
Rf6 21. Re2 h5 22. g3 Kf7 23. b3 Rd8 24. c4 Rc8 25. Kb1 dxc4 26. bxc4 Nxc4 27.
Rc1 Na3+ 28. Kb2 Rb6+ 29. Kxa3 Rxc1 30. Bc2 Rf1 31. Bb3+ e6 32. Ka4 Rf3 33. Ka5
Rb5+ 34. Ka4 Rb6 35. Ka5 Rc6 36. Rg2 Rfc3 37. h4 R6c5+ 38. Kb4 a5+ 39. Ka4 Rd3
40. Re2 Rd6 41. Re1 Ra6 42. Rd1 b5+ 43. Ka3 Rc3 44. Kb2 b4 45. a4 Rac6 46. Rd7+
Kf6 47. Rd8 Rxb3+ 48. Kxb3 Rc3+ 49. Kb2 Ra3 50. Rf8+ Ke7 51. Rg8 Kf7 52. Ra8
Rxa4 53. Ra7+ Kf8 54. Ra8+ Ke7 55. Ra7+ Kf6 56. Ra8 Ra3 57. Rf8+ Kg7 58. Re8
Kf7 59. Ra8 a4 60. Rb8 Rb3+ 61. Kc2 Ke7 62. Rb7+ Kf6 63. Rb8 Rxg3 64. Rxb4 a3
65. Ra4 a2 66. Kb2 Rg2+ 67. Ka1 Rh2 68. Rc4 Rxh4 69. Kxa2 g5 70. fxg5+ Kxg5 71.
Rc8 Rh2+ 72. Kb3 h4 73. Rg8+ Kf4 74. Re8 e5 75. Rg8 e4 76. Rg1 Kf3 77. Kc3 Kf2
78. Rg5 f4 79. Re5 Rh3+ 80. Kc2 e3 81. Re4 Rf3 82. Re5 e2 83. Kd2 Re3 0-1

[Event "WA Class Championship - D Section"]
[Site "Seattle"]
[Date "2007.11.25"]
[Round "5"]
[White "Nelson, Evan"]
[Black "Omori, Jeff"]
[Result "1-0"]
[WhiteElo "1115"]
[BlackElo "1310"]
[PlyCount "81"]
[EventDate "2007.11.??"]
[Source "Drayton Harriso"]
[SourceDate "2007.12.23"]

1. e4 c5 2. Nc3 d6 3. f4 Nc6 4. Bb5 Bd7 5. Bxc6 Bxc6 6. Nf3 Nf6 7. d3 e6 8. h3
Qc7 9. Be3 e5 10. f5 d5 11. exd5 Nxd5 12. Nxd5 Bxd5 13. Qe2 O-O-O 14. b4 e4 15.
dxe4 Bxe4 16. O-O Bxf5 17. Kh1 f6 18. Nd2 Bd7 19. Nb3 c4 20. Nc5 Kb8 21. Rad1
Bd6 22. Rxd6 Ka8 23. Rxd7 Rxd7 24. Nxd7 Qxd7 25. Qxc4 Rc8 26. Qb3 Qc7 27. Rd1
b6 28. Qd5+ Qc6 29. Qxc6+ Rxc6 30. Rc1 Rd6 31. Kg1 b5 32. Kf2 f5 33. c4 bxc4
34. Rxc4 Kb7 35. Rf4 g6 36. g4 Ra6 37. gxf5 Rxa2+ 38. Kf3 gxf5 39. Rxf5 a5 40.
Rxa5 Rxa5 41. bxa5 1-0

[Event "WA Class Championship - D Section"]
[Site "Seattle"]
[Date "2007.11.25"]
[Round "5"]
[White "Smith, Andrew"]
[Black "Honeyman, Joshua"]
[Result "1-0"]
[WhiteElo "699"]
[BlackElo "1065"]
[PlyCount "53"]
[EventDate "2007.11.??"]
[Source "Drayton Harriso"]
[SourceDate "2007.12.23"]

1. e4 e5 2. Nf3 Nc6 3. Bb5 a6 4. Ba4 Nf6 5. d3 b5 6. Bb3 Bc5 7. Bg5 d6 8. c3
Bg4 9. Nbd2 a5 10. Bd5 Ra6 11. a4 b4 12. Qb3 O-O 13. O-O bxc3 14. bxc3 Rb6 15.
Qa2 Qb8 16. Rab1 Bxf3 17. Bxc6 Be2 18. Rfe1 Bxd3 19. Rb3 Ng4 20. Be3 Nxe3 21.
fxe3 f5 $4 22. Rxb6+ Kh8 23. Rxb8 Rxb8 24. g3 f4 25. gxf4 exf4 26. Nc4 f3 27.
Kf2 1-0

[Event "WA Class Championship - D Section"]
[Site "Seattle"]
[Date "2007.11.25"]
[Round "6"]
[White "Raval, Sid"]
[Black "Goodfellow, Robert"]
[Result "0-1"]
[WhiteElo "1140"]
[BlackElo "1312"]
[PlyCount "36"]
[EventDate "2007.11.??"]
[Source "Drayton Harriso"]
[SourceDate "2007.12.23"]

1. Nf3 c5 2. g3 d6 3. Bg2 Nf6 4. c4 g6 5. Nc3 Bg7 6. d4 cxd4 7. Nxd4 O-O 8. Qb3
Qd7 9. Be3 Ng4 10. Qb5 Nxe3 11. Qxd7 Nxg2+ 12. Kf1 Bxd7 13. Ndb5 Bxc3 14. bxc3
Ne3+ 15. fxe3 Bxb5 16. cxb5 Rc8 17. Rc1 a6 18. b6 Nd7 0-1

[Event "WA Class Championship - D Section"]
[Site "Seattle"]
[Date "2007.11.25"]
[Round "6"]
[White "Cohn, Michael"]
[Black "Tokareva, Kate"]
[Result "1-0"]
[WhiteElo "1164"]
[BlackElo "1193"]
[PlyCount "99"]
[EventDate "2007.11.??"]
[Source "Drayton Harriso"]
[SourceDate "2007.12.23"]

1. d4 d5 2. c4 e6 3. Nc3 Nf6 4. Bg5 Be7 5. Nf3 O-O 6. e3 b6 7. Bd3 c5 8. O-O
Nc6 9. e4 dxc4 10. Bxc4 cxd4 11. Nb5 Nxe4 12. Bxe7 Qxe7 13. Nbxd4 Nxd4 14. Nxd4
Bb7 15. f3 Nf6 16. Re1 e5 17. f4 Qb4 18. fxe5 Nd7 19. b3 Nc5 20. a3 Qc3 21. Nb5
Qa5 22. b4 Qa4 23. Qxa4 Nxa4 24. Nd6 Bc6 25. e6 fxe6 26. Rxe6 Nb2 27. Bb3 h6
28. Rxh6+ Rf7 29. Bxf7+ Kf8 30. Rh8+ Ke7 31. Rxa8 Bxa8 32. Rb1 Kxd6 33. Rxb2
Ke7 34. Bc4 Kd6 35. a4 Be4 36. Rd2+ Kc7 37. Bd5 Bf5 38. b5 g6 39. Kf2 Kd6 40.
Be4+ Ke6 41. Bxf5+ Kxf5 42. Rd7 g5 43. Rxa7 Kg4 44. a5 bxa5 45. b6 a4 46. b7 a3
47. b8=Q Kh4 48. Rh7+ Kg4 49. Qf8 a2 50. Qf3# 1-0

[Event "WA Class Championship - D Section"]
[Site "Seattle"]
[Date "2007.11.25"]
[Round "6"]
[White "Stringenz, Adam"]
[Black "Smith, Andrew"]
[Result "1-0"]
[WhiteElo "931"]
[BlackElo "699"]
[PlyCount "68"]
[EventDate "2007.11.??"]
[Source "Drayton Harriso"]
[SourceDate "2007.12.23"]

1. e4 c5 2. Nc3 Nc6 3. Nf3 d6 4. Bb5 Bd7 5. O-O Nf6 6. d3 h6 7. Be3 e6 8. Qd2
Be7 9. Rad1 Ng4 10. h3 Nxe3 11. Qxe3 Nb4 12. Bxd7+ Qxd7 13. Qc1 O-O 14. a3 Nc6
15. Rfe1 Nd4 16. Nxd4 cxd4 17. Ne2 e5 18. c3 Rac8 19. Qd2 Bg5 20. f4 exf4 21.
Nxf4 dxc3 22. bxc3 Bxf4 23. Qxf4 Rxc3 24. d4 Rfc8 25. d5 Rxa3 26. e5 dxe5 27.
Qxe5 Ra5 28. Qd4 Qd6 29. Re5 Rac5 (29... Rcc5) 30. Qf4 a5 31. Re8+ Qf8 32.
Rxf8+ Kxf8 33. d6 Rd8 34. d7 b6 1-0

[Event "WA Class Championship - D Section"]
[Site "Seattle"]
[Date "2007.11.25"]
[Round "6"]
[White "Vanmane, Amith"]
[Black "MacGregor, Logan"]
[Result "1-0"]
[WhiteElo "876"]
[BlackElo "1144"]
[PlyCount "53"]
[EventDate "2007.11.??"]
[Source "Drayton Harriso"]
[SourceDate "2007.12.23"]

1. e4 e6 2. d4 d5 3. e5 c5 4. Nf3 cxd4 5. Nxd4 Bc5 6. Be3 Qb6 7. Nc3 Ne7 8.
Ndb5 O-O 9. Bxc5 Qxc5 10. Nd6 d4 11. Ncb5 a6 12. Qxd4 Qxd4 13. Nxd4 Ng6 14. g3
Nxe5 15. Bg2 Ra7 16. O-O Rd8 17. Rfd1 Rxd6 18. Nxe6 Rxd1+ 19. Rxd1 fxe6 20.
Rd8+ Kf7 21. Rxc8 Nbc6 22. f4 Ne7 23. Rc7 Ng4 24. f5 Ne3 25. fxe6+ Kxe6 26.
Bxb7 N3d5 27. Bxd5+ 1-0

[Event "WA Class Championship - D Section"]
[Site "Seattle"]
[Date "2007.11.25"]
[Round "6"]
[White "Nelson, Evan"]
[Black "Mendoza, Fidel"]
[Result "1-0"]
[WhiteElo "1115"]
[BlackElo "1178"]
[Annotator "Harrison"]
[PlyCount "42"]
[EventDate "2007.11.??"]
[Source "Drayton Harriso"]
[SourceDate "2007.12.23"]

{This game decided the D section.} 1. e4 e5 2. Nf3 Nc6 3. d4 exd4 4. Bc4 Be7 5.
c3 d6 6. Qb3 Nh6 7. Bxh6 O-O 8. Bd2 Na5 9. Qa4 c6 10. Bd3 dxc3 11. Nxc3 b5 12.
Nxb5 cxb5 13. Qxa5 Qxa5 14. Bxa5 a6 15. O-O Bg4 16. Nd2 Bf6 17. Rab1 Rac8 18.
Rfe1 Rc5 19. Nb3 Rc6 20. Bd2 Rfc8 21. Be3 Be6 {
and white eventually won. Remaining moves were indecipherable.} 1-0

[Event "WA Class Championship - D Section"]
[Site "Seattle"]
[Date "2007.11.25"]
[Round "6"]
[White "Cohen, Mark"]
[Black "Oratz, Joshua"]
[Result "1/2-1/2"]
[WhiteElo "1128"]
[BlackElo "653"]
[PlyCount "84"]
[EventDate "2007.11.??"]
[Source "Drayton Harriso"]
[SourceDate "2007.12.23"]

1. e4 e5 2. Nf3 Nc6 3. Nc3 Nf6 4. Bb5 g6 5. O-O Bg7 6. d3 O-O 7. Bg5 d6 8. h3
h6 9. Be3 d5 10. exd5 Nxd5 11. Bd2 Nd4 12. Bc4 Nb6 13. Bb3 Nxb3 14. axb3 Nd5
15. Re1 Re8 16. Qc1 Kh7 17. Ra4 Nf4 18. Bxf4 exf4 19. Rxf4 Rxe1+ 20. Qxe1 Be6
21. Ne5 Qd6 22. d4 c6 23. Qe3 f6 24. Ng4 Rf8 25. Ne4 Qd8 26. Nc5 Bc8 27. Ne6
Bxe6 28. Qxe6 h5 29. Ne3 f5 30. c3 Re8 31. Qc4 Qd6 32. g3 b5 33. Qd3 Rf8 34. b4
Bh6 35. Rf3 f4 36. Ng2 a6 37. Qe4 fxg3 38. Rxf8 Bxf8 39. fxg3 Bh6 40. Nf4 h4
41. Kg2 Bg5 42. Kf3 Qf6 1/2-1/2

[Event "WA Class Championship - D Section"]
[Site "Seattle"]
[Date "2007.11.24"]
[Round "4"]
[White "Yu, Wesley"]
[Black "Oratz, Joshua"]
[Result "0-1"]
[WhiteElo "1073"]
[BlackElo "653"]
[Annotator "Harrison"]
[PlyCount "48"]
[EventDate "2007.11.??"]
[Source "Drayton Harriso"]
[SourceDate "2007.12.23"]

1. d4 d5 2. c4 c6 3. e3 Nf6 4. Nc3 e6 5. Nf3 Bb4 6. a3 Bxc3+ 7. bxc3 Ne4 8. Qb3
Nd7 9. Bd3 Ndf6 10. O-O c5 11. Ne1 cxd4 12. cxd4 b6 13. f3 Nd6 14. Bb2 dxc4 15.
Bxc4 Nxc4 16. Qxc4 a5 17. Nd3 O-O 18. Qc2 Ba6 19. Rfc1 Rc8 20. Qb1 Nd5 21. e4
Bxd3 22. Qxd3 Nf4 23. Qe3 $4 {Diagram #} Qg5 $3 $19 24. g3 (24. Qf2 Nh3+) (24.
Kf2 Qxg2+) 24... Nh3+ 0-1